000 00768nam a2200181Ia 4500
008 100921s9999 xx 000 0 und d
082 _b10093
_a922 थ 53
100 _aजोशी विष्णु बाळकृष्ण.
245 _aश्रीसंतअमृतराय चरित्र.
260 _bएकनाथ संशोधन मंदिर,औरंगाबाद.
_c1953
300 _a178
_b---
365 _b1.5
520 _aचरित्रे-धर्मनेते,संत.
630 _aश्रीसंतअमृतराय चरित्र.
650 _aचरित्रे-धर्मनेते,संत.
730 _aश्रीसंतअमृतराय चरित्र.
942 _cBOOK
999 _c759206
_d759203